Self sufficient city : envisioning the habitat of the future : 3rd advanced architecture contest (Record no. 10490)
[ view plain ]
| 000 -LEADER | |
|---|---|
| fixed length control field | 00463nam a2200169Ia 4500 |
| 003 - CONTROL NUMBER IDENTIFIER | |
| control field | OSt |
| 005 - DATE AND TIME OF LATEST TRANSACTION | |
| control field | 20220405130444.0 |
| 008 - FIXED-LENGTH DATA ELEMENTS--GENERAL INFORMATION | |
| fixed length control field | 220318s9999 xx 000 0 und d |
| 020 ## - INTERNATIONAL STANDARD BOOK NUMBER | |
| International Standard Book Number | 9788492861330 |
| 082 ## - DEWEY DECIMAL CLASSIFICATION NUMBER | |
| Classification number | 711 |
| 100 ## - MAIN ENTRY--PERSONAL NAME | |
| Personal name | Guallart, Vicente |
| 245 #0 - TITLE STATEMENT | |
| Title | Self sufficient city : envisioning the habitat of the future : 3rd advanced architecture contest |
| 260 ## - PUBLICATION, DISTRIBUTION, ETC. (IMPRINT) | |
| Place of publication, distribution, etc | ActarD Inc; English ed. edition |
| 365 ## - TRADE PRICE | |
| Price amount | 16.5 |
| 365 ## - TRADE PRICE | |
| Price type code | GBP |
| 942 ## - ADDED ENTRY ELEMENTS (KOHA) | |
| Source of classification or shelving scheme | |
| Withdrawn status | Lost status | Source of classification or shelving scheme | Damaged status | Koha normalized classification for sorting | Not for loan | Permanent location | Current location | Date acquired | Source of acquisition | Cost, normal purchase price | Total Checkouts | Full call number | Barcode | Date last seen | Date last borrowed | Cost, replacement price | Price effective from | Koha item type |
|---|---|---|---|---|---|---|---|---|---|---|---|---|---|---|---|---|---|---|
| 711_000000000000000 | BMS College of Architecture, Design and Planning | BMS College of Architecture, Design and Planning | 2022-05-16 | 6 | 1925.40 | 2 | 711 | AR-PG518 | 2023-09-12 | 2023-09-08 | 2750.57 | 2022-05-16 | PG Books | |||||
| 711_000000000000000 | BMS College of Architecture, Design and Planning | BMS College of Architecture, Design and Planning | 2022-04-05 | 1 | 711 | AR-PG503 | 2022-07-28 | 2022-05-17 | 2022-04-05 | PG Books |